Discapacidad e ideología de la normalidad (Registro nro. 2996)

Detalles MARC
000 -CABECERA
campo de control de longitud fija 02080nam a22002897a 4500
003 - IDENTIFICADOR DEL NÚMERO DE CONTROL
campo de control AR-RoIUNI
005 - FECHA Y HORA DE LA ÚLTIMA TRANSACCIÓN
campo de control 20210819115708.0
007 - CAMPO FIJO DE DESCRIPCIÓN FÍSICA--INFORMACIÓN GENERAL
campo de control de longitud fija ta
008 - DATOS DE LONGITUD FIJA--INFORMACIÓN GENERAL
campo de control de longitud fija 160510s2009 ag |||||r|||| 00| 0 spa d
020 ## - NÚMERO INTERNACIONAL ESTÁNDAR DEL LIBRO
Número Internacional Estándar del Libro 9789875382480
040 ## - FUENTE DE LA CATALOGACIÓN
Centro/agencia transcriptor AR-RoIUNI
080 ## - NÚMERO DE LA CLASIFICACIÓN DECIMAL UNIVERSAL
Número de la Clasificación Decimal Universal 364.26
245 10 - MENCIÓN DE TÍTULO
Título Discapacidad e ideología de la normalidad
Resto del título desnaturalizar el déficit
Mención de responsabilidad, etc. Ana Rosato, María Alfonsina Angelino [coordinadoras] ; prólogo de Carlos Skliar.
250 ## - MENCIÓN DE EDICIÓN
Mención de edición 1a. ed.
260 ## - PUBLICACIÓN, DISTRIBUCIÓN, ETC. (PIE DE IMPRENTA)
Lugar de publicación, distribución, etc. Buenos Aires
Nombre del editor, distribuidor, etc. Noveduc
Fecha de publicación, distribución, etc. 2009
300 ## - DESCRIPCIÓN FÍSICA
Extensión 243 p.
Dimensiones 23 cm.
490 0# - MENCIÓN DE SERIE
Mención de serie Colección [dis]capacidad
505 2# - NOTA DE CONTENIDO CON FORMATO
Título Capítulo 1. La discapacidad no existe, es una invención. De quienes fuimos (somos) siendo en el trabajo y la producción /
Mención de responsabilidad María Alfonsina Angelino --
Título Capítulo 2. Alteridad y discapacidad : las disputas por los significados /
Mención de responsabilidad María Eugenia Almeida, ... [et al.] --
Título Capítulo 3. La producción social de la discapacidad en las diferentes dimensiones de lo barrial. Plaza accesible - plaza para discapacitados /
Mención de responsabilidad Agustina Spadillero --
Título Capítulo 4. La categoría de normalidad: una mirada sobre viejas y nuevas formas de disciplinamiento social /
Mención de responsabilidad Indiana Vallejos --
Título Capítulo 5. Demasiado cuerpo /
Mención de responsabilidad Esteban Kipen, Aarón Lipschitz --
Título Capítulo 6. Ideología e ideología de la normalidad /
Mención de responsabilidad María Alfonsina Angelino --
Título Capítulo 7. La producción de discapacidad en clave de ideología /
Mención de responsabilidad Esteban Kipen, Indiana Vallejos --
Título Capítulo 8. La exclusión como categoría de análisis /
Mención de responsabilidad Betina Zuttión, Candelaria Sánchez --
Título Capítulo 9. La discapacidad diagnosticada y la certificación del reconocimiento /
Mención de responsabilidad Indiana Vallejos --
Título Capítulo 10. Exclusión y discapacidad: entre la redistribución y el reconocimiento /
Mención de responsabilidad María Eugenia Almeida --
Título Conclusiones. Para seguir siendo y seguir estando. Las nuevas preguntas /
Mención de responsabilidad Ana Rosato.
650 #4 - PUNTO DE ACCESO ADICIONAL DE MATERIA--TÉRMINO DE MATERIA
Término de materia o nombre geográfico como elemento inicial PSICOLOGÍA
9 (RLIN) 108
650 #4 - PUNTO DE ACCESO ADICIONAL DE MATERIA--TÉRMINO DE MATERIA
Término de materia o nombre geográfico como elemento inicial DISCAPACIDAD
650 #4 - PUNTO DE ACCESO ADICIONAL DE MATERIA--TÉRMINO DE MATERIA
Término de materia o nombre geográfico como elemento inicial ACTITUDES SOCIALES
650 #4 - PUNTO DE ACCESO ADICIONAL DE MATERIA--TÉRMINO DE MATERIA
Término de materia o nombre geográfico como elemento inicial Didáctica
650 #4 - PUNTO DE ACCESO ADICIONAL DE MATERIA--TÉRMINO DE MATERIA
Término de materia o nombre geográfico como elemento inicial Educación especial
700 1# - PUNTO DE ACCESO ADICIONAL--NOMBRE DE PERSONA
Nombre de persona Rosato, Ana.
700 1# - PUNTO DE ACCESO ADICIONAL--NOMBRE DE PERSONA
Nombre de persona Angelino, María Alfonsina.
942 ## - ELEMENTOS DE PUNTO DE ACCESO ADICIONAL (KOHA)
Fuente del sistema de clasificación o colocación Clasificación Decimal Universal
Tipo de ítem Koha Libros
Existencias
Estado de retiro Estado de pérdida Fuente del sistema de clasificación o colocación Estado dañado Excepción de préstamo Código de colección Localización permanente Ubicación/localización actual Ubicación en estantería Fecha de adquisición Número de inventario Total de préstamos Renovaciones totales Signatura topográfica completa Código de barras En préstamo Fecha visto por última vez Fecha del último préstamo Precio válido a partir de Tipo de ítem Koha Fuente de adquisición
    Clasificación Decimal Universal     Psicología BIBLIOTECA RIOBAMBA BIBLIOTECA RIOBAMBA BIBLIOTECA RIOBAMBA 02/05/2016 3075 3 4 364.26 DIS 3075 08/12/2024 06/12/2024 06/12/2024 10/05/2016 Libros  
    Clasificación Decimal Universal       BIBLIOTECA VENADO TUERTO BIBLIOTECA VENADO TUERTO BIBLIOTECA VENADO TUERTO 19/08/2021 6922     364.26 ROS 6922   19/08/2021   19/08/2021 Libros Compra